AImportância Da emoção Na Gestão Do Capital Humano Nas Organizações (Record no. 2282)

MARC details
000 -Etiqueta do registo
Campo de controlo de comprimento fixo 00536 a2200169 4500
040 ## - Fonte de Catalogação
Agência de catalogação Biblioteca de Posgraduação- Universidade Lusíada de Angola
082 ## - DEWEY DECIMAL CLASSIFICATION NUMBER
Classificador- CDU 043.2 658.3/ALE/I
Prateleira/Colocação 3
100 ## - Nome Pessoal
9 (RLIN) 1105
Autor ALEXANDRE, Loia Jael Antunes
245 ## - Declaração de Título
Título AImportância Da emoção Na Gestão Do Capital Humano Nas Organizações
Complemento de título Estudo de caso: Escola do II Ciclo
250 ## - Indicação da edição
Edição 1ª Edição
260 ## - Publicação e Destribuíção
Local de edição/distribuição Luanda/Angola
Data de edição/distribuição Luanda, 2021
300 ## - Descrição Física
Nº Pág. 111p.
600 #0 - Nome pessoal
Autor ALEXANDRE, Loia Jael Antunes
650 ## - MATERIA
MATERIA Recursos Humanos
700 ## - Entrada secundária - Nome pessoal
Autor Loia Jael Antunes Alexandre
942 ## - - Elementos de entrada adicionados (koha)
Tipo de documento Dissertações de Grado e Mestrado
Holdings
Withdrawn status Lost status Source of classification or shelving scheme Damaged status Not for loan Permanent Location Current Location Date acquired Total Checkouts Full call number Date last seen Price effective from Koha item type
    Dewey Decimal Classification     Biblioteca de Posgraduação- Universidade Lusíada de Angola Biblioteca de Posgraduação- Universidade Lusíada de Angola 29/04/2026   043.2 658.3/ALE/I 29/04/2026 29/04/2026 Dissertações de Grado e Mestrado